[Event "POL-chT 47th"]
[Site "Mikolajki"]
[Date "1991.09.??"]
[Round "2"]
[White "Jagodzinska, Joanna"]
[Black "Szmigielska, Anna"]
[Result "1-0"]
[WhiteElo "2225"]
[BlackElo "2145"]
[PlyCount "113"]
[EventDate "1991.09.20"]
[EventType "team-swiss"]
[EventRounds "9"]
[EventCountry "POL"]
[SourceTitle "EXT 2019"]
[Source "ChessBase"]
[SourceDate "2018.10.10"]
[SourceVersion "1"]
[SourceVersionDate "2018.10.10"]
[SourceQuality "1"]
[WhiteTeam "Myslowice Gornik 09"]
[BlackTeam "Wroclaw Politechnika"]
[WhiteTeamCountry "POL"]
[BlackTeamCountry "POL"]

1. e4 e5 2. Nf3 Nc6 3. Bb5 a6 4. Ba4 Nf6 5. 0-0 Be7 6. Re1 b5 7. Bb3 0-0 8. d4 d6 9. c3 Bg4 10. d5 Na5 11. Bc2 Qc8 12. h3 Bd7 13. Nbd2 c6 14. dxc6 Qxc6 15. Nf1 Nc4 16. Ne3 Nxe3 17. Bxe3 h6 18. Nd2 Rfe8 19. Qf3 Be6 20. Bb3 Bxb3 21. axb3 d5 22. exd5 Qxd5 23. Qxd5 Nxd5 24. b4 Nxe3 25. Rxe3 Bg5 26. Re2 Bxd2 27. Rxd2 Re6 28. Rad1 Kf8 29. Kf1 Ke7 30. Rd7+ Kf6 31. R1d3 e4 32. R3d4 Rae8 33. Ke2 R8e7 34. Rxe7 Kxe7 35. g4 g6 36. Ke3 f5 37. gxf5 gxf5 38. Rd5 Kf6 39. Kf4 Kg6 40. Rxf5 Rc6 41. Rc5 Rf6+ 42. Kg3 Re6 43. h4 e3 44. h5+ Kf6 45. fxe3 Rxe3+ 46. Kf4 Re6 47. Rc7 Re2 48. Rc6+ Kg7 49. Rg6+ Kh7 50. Rxa6 Rf2+ 51. Ke4 Rxb2 52. Ra7+ Kg8 53. Rc7 Rg2 54. Kf4 Rf2+ 55. Ke3 Rh2 56. Rc5 Rh3+ 57. Kd2 1-0

[Event "Caorle op-A"]
[Site "Caorle"]
[Date "1991.07.13"]
[Round "9.30"]
[White "Jagodzinska, Joanna"]
[Black "Papanetz, Peter"]
[Result "1/2-1/2"]
[WhiteElo "2165"]
[BlackElo "2305"]
[PlyCount "102"]
[EventDate "1991.07.05"]
[EventType "swiss"]
[EventRounds "9"]
[EventCountry "ITA"]
[SourceTitle "EXT 2023"]
[Source "ChessBase"]
[SourceDate "2022.10.05"]
[SourceVersion "1"]
[SourceVersionDate "2022.10.05"]
[SourceQuality "1"]

1. e4 c5 2. Nf3 Nc6 3. d4 cxd4 4. Nxd4 Nf6 5. Nc3 e5 6. Ndb5 d6 7. a4 Be6 8. Bg5 a6 9. Na3 Be7 10. Bxf6 gxf6 11. Bc4 h5 12. Nd5 f5 13. exf5 Bxf5 14. c3 h4 15. Qf3 Be6 16. 0-0-0 Rb8 17. b4 Rc8 18. a5 Nxa5 19. bxa5 Qxa5 20. Kb2 Rxc4 21. Nxc4 Qb5+ 22. Kc1 Qxc4 23. Nxe7 Kxe7 24. Qxb7+ Kf6 25. Qb4 Qxb4 26. cxb4 Ke7 27. Kb2 Bc4 28. Rhe1 Ke6 29. Re3 d5 30. Rh3 Rg8 31. g3 hxg3 32. hxg3 e4 33. Kc3 Rc8 34. Kd4 Bb5 35. Rh6+ f6 36. Rb1 Rc4+ 37. Ke3 Rc3+ 38. Kd4 Rc4+ 39. Ke3 Ke5 40. Rh5+ f5 41. g4 Rc3+ 42. Kd2 Rd3+ 43. Ke1 Rf3 44. Rxf5+ Rxf5 45. gxf5 Kxf5 46. Rc1 Kf4 47. Rc7 d4 48. Rf7+ Ke5 49. Kd2 Kd5 50. Rc7 Bc6 51. Ra7 Bb5 1/2-1/2

[Event "Caorle op-A"]
[Site "Caorle"]
[Date "1991.07.07"]
[Round "3.33"]
[White "Jagodzinska, Joanna"]
[Black "Shapiro, Oscar"]
[Result "1-0"]
[WhiteElo "2165"]
[BlackElo "2200"]
[PlyCount "51"]
[EventDate "1991.07.05"]
[EventType "swiss"]
[EventRounds "9"]
[EventCountry "ITA"]
[SourceTitle "EXT 2023"]
[Source "ChessBase"]
[SourceDate "2022.10.05"]
[SourceVersion "1"]
[SourceVersionDate "2022.10.05"]
[SourceQuality "1"]

1. e4 e5 2. Nf3 Nc6 3. Bb5 f5 4. d3 fxe4 5. dxe4 Nf6 6. 0-0 d6 7. Qd3 Bg4 8. Nbd2 Qd7 9. Re1 Be7 10. Nf1 a6 11. Ba4 b5 12. Bb3 Bxf3 13. Qxf3 Nd4 14. Qd1 Nxb3 15. axb3 0-0 16. Ne3 c6 17. f3 d5 18. Nf5 Bc5+ 19. Be3 Bxe3+ 20. Nxe3 a5 21. Qd2 Qa7 22. exd5 cxd5 23. Kh1 d4 24. Nf5 Qc7 25. Ng3 Rfe8 26. Ne4 1-0

[Event "Hajduszoboszlo zt (Women)"]
[Site "Hajduszoboszlo"]
[Date "1991.??.??"]
[Round "5"]
[White "Jagodzinska, Joanna"]
[Black "Koen, Maja"]
[Result "1/2-1/2"]
[WhiteElo "2225"]
[BlackElo "2215"]
[PlyCount "88"]
[EventDate "1991.??.??"]
[EventType "swiss"]
[EventRounds "7"]
[EventCountry "HUN"]
[SourceTitle "TD"]
[Source "ChessBase"]
[SourceDate "1994.03.01"]
[SourceVersion "1"]
[SourceVersionDate "1994.03.01"]
[SourceQuality "1"]

1. e4 e6 2. d4 d5 3. Nc3 Bb4 4. Qd3 Ne7 5. a3 Bxc3+ 6. bxc3 b6 7. Qg3 0-0 8. Bf4 Qd7 9. e5 Ba6 10. Bxa6 Nxa6 11. Qd3 Qa4 12. Nf3 c5 13. Ng5 Ng6 14. Bd2 cxd4 15. cxd4 h6 16. Nf3 Rac8 17. c3 Qc4 18. Qxc4 Rxc4 19. a4 Ne7 20. Ke2 Nc6 21. Rhb1 f6 22. exf6 Rxf6 23. Ne1 e5 24. dxe5 Nxe5 25. a5 Nc5 26. axb6 axb6 27. f3 Re6 28. Kf1 Na4 29. Rb5 Nxc3 30. Bxc3 Rxc3 31. Rxd5 Nc4 32. Rd8+ Kh7 33. Rd7 Rg6 34. Kf2 b5 35. Rd3 Rxd3 36. Nxd3 Rd6 37. Ke2 Re6+ 38. Kf1 Rd6 39. Ke2 Rd5 40. Rb1 Kg8 41. Ra1 Kf7 42. Ra7+ Kf6 43. Rb7 Rh5 44. h4 Rxh4 1/2-1/2

[Event "POL-ch (Women)"]
[Site "Poland"]
[Date "1991.??.??"]
[Round "1"]
[White "Jagodzinska, Joanna"]
[Black "Sikora Gizynska, Bozena"]
[Result "0-1"]
[WhiteElo "2165"]
[BlackElo "2205"]
[PlyCount "72"]
[EventDate "1991.??.??"]
[EventType "tourn"]
[EventRounds "13"]
[EventCountry "POL"]
[SourceTitle "EXT 1997"]
[Source "ChessBase"]
[SourceDate "1996.11.15"]
[SourceVersion "1"]
[SourceVersionDate "1996.11.15"]
[SourceQuality "1"]

1. e4 c5 2. Nf3 e6 3. d4 cxd4 4. Nxd4 Nc6 5. Nc3 Qc7 6. Be2 a6 7. 0-0 Nf6 8. Kh1 Be7 9. f4 d6 10. Be3 0-0 11. Qe1 Rd8 12. Qg3 Na5 13. Rad1 b5 14. e5 Ne8 15. Ne4 Nc4 16. Bxc4 Qxc4 17. a3 Bb7 18. Ng5 Bxg5 19. Qxg5 Be4 20. c3 Rd7 21. f5 exf5 22. b3 Qc8 23. Nxf5 Bxf5 24. Qxf5 Re7 25. exd6 Qxf5 26. dxe7 Qe6 27. Bc5 Rc8 28. Rd8 f6 29. Bb4 Kf7 30. h3 Rc7 31. Ra8 Rd7 32. a4 Qxb3 33. Rd8 Rxe7 34. Bxe7 Kxe7 35. Rc8 Nd6 36. Rc7+ Kf8 0-1

[Event "Hajduszoboszlo zt (Women)"]
[Site "Hajduszoboszlo"]
[Date "1991.??.??"]
[Round "1"]
[White "Kubikova, Hana"]
[Black "Jagodzinska, Joanna"]
[Result "1-0"]
[WhiteElo "2165"]
[BlackElo "2225"]
[PlyCount "61"]
[EventDate "1991.??.??"]
[EventType "swiss"]
[EventRounds "7"]
[EventCountry "HUN"]
[SourceTitle "TD"]
[Source "ChessBase"]
[SourceDate "1994.03.01"]
[SourceVersion "1"]
[SourceVersionDate "1994.03.01"]
[SourceQuality "1"]

1. e4 c5 2. Nf3 d6 3. d4 cxd4 4. Nxd4 Nf6 5. Nc3 g6 6. Be3 Bg7 7. f3 Nc6 8. Qd2 0-0 9. Bc4 Bd7 10. 0-0-0 Rc8 11. Bb3 Ne5 12. h4 h5 13. Bg5 Rc5 14. g4 hxg4 15. h5 Nxh5 16. f4 Nc4 17. Qf2 Qe8 18. Nd5 f6 19. Bh4 e6 20. Nc3 e5 21. Nde2 exf4 22. Nxf4 Nxf4 23. Qxf4 Rf7 24. Bf2 Rc8 25. Qh2 Qe5 26. Bg3 Qc5 27. Bxc4 Qe3+ 28. Kb1 Rxc4 29. Qh7+ Kf8 30. Bxd6+ Ke8 31. Qg8+ 1-0

[Event "POL-ch (Women)"]
[Site "Poland"]
[Date "1991.??.??"]
[Round "8"]
[White "Pilarska, Czeslawa"]
[Black "Jagodzinska, Joanna"]
[Result "0-1"]
[WhiteElo "2145"]
[BlackElo "2165"]
[PlyCount "178"]
[EventDate "1991.??.??"]
[EventType "tourn"]
[EventRounds "13"]
[EventCountry "POL"]
[SourceTitle "EXT 1997"]
[Source "ChessBase"]
[SourceDate "1996.11.15"]
[SourceVersion "1"]
[SourceVersionDate "1996.11.15"]
[SourceQuality "1"]

1. e4 c5 2. Nc3 Nc6 3. g3 g6 4. Bg2 Bg7 5. d3 d6 6. Be3 e6 7. Qd2 Qa5 8. Nge2 Nd4 9. 0-0 Ne7 10. Rab1 Nec6 11. a3 0-0 12. b4 Qxa3 13. Bxd4 Nxd4 14. Nxd4 cxd4 15. Nb5 Qa4 16. Nxd6 Qd7 17. Nc4 b6 18. b5 Bb7 19. f4 Rfc8 20. e5 Bd5 21. Qf2 Bf8 22. Kh1 Rc5 23. Bxd5 Qxd5+ 24. Qg2 Rac8 25. Na3 Rc3 26. Nc4 Rxc2 27. Qxd5 exd5 28. Nd6 Bxd6 29. exd6 Rd8 30. Rfc1 Rc3 31. Rxc3 dxc3 32. d4 Rxd6 33. Rc1 Re6 34. Rxc3 Re1+ 35. Kg2 Rb1 36. Ra3 Rxb5 37. Rxa7 Kg7 38. Rb7 Kf6 39. g4 h6 40. h4 Rb3 41. g5+ hxg5 42. hxg5+ Ke6 43. Rc7 b5 44. Rc6+ Kd7 45. Rf6 Ke7 46. f5 Rd3 47. fxg6 fxg6 48. Rxg6 Rxd4 49. Rb6 Rg4+ 50. Kf3 Rxg5 51. Kf4 Rh5 52. Rxb5 Kd6 53. Rb8 Kc5 54. Ke3 Rh3+ 55. Kd2 Kc4 56. Ra8 Rh2+ 57. Kd1 d4 58. Ra4+ Kd3 59. Ra3+ Kc4 60. Ra8 Kc3 61. Ra3+ Kc4 62. Ra8 Kd3 63. Ra3+ Ke4 64. Ra8 Ke3 65. Kc1 Rh1+ 66. Kb2 Kd2 67. Rg8 d3 68. Rg2+ Ke3 69. Rg3+ Ke2 70. Rg2+ Kf3 71. Rg8 d2 72. Rf8+ Kg4 73. Rg8+ Kf5 74. Rf8+ Kg6 75. Rg8+ Kf7 76. Rd8 d1Q 77. Rxd1 Rxd1 78. Kc2 Rd5 79. Kc3 Ke6 80. Kc4 Ke5 81. Kc3 Rd4 82. Kb3 Kd5 83. Kc3 Kc5 84. Kc2 Kc4 85. Kb2 Rd2+ 86. Kc1 Kc3 87. Kb1 Rh2 88. Ka1 Kb3 89. Kb1 Rh1# 0-1

[Event "Hajduszoboszlo zt (Women)"]
[Site "Hajduszoboszlo"]
[Date "1991.??.??"]
[Round "2"]
[White "Voiska, Margarita"]
[Black "Jagodzinska, Joanna"]
[Result "1-0"]
[WhiteElo "2350"]
[BlackElo "2225"]
[PlyCount "51"]
[EventDate "1991.??.??"]
[EventType "swiss"]
[EventRounds "7"]
[EventCountry "HUN"]
[SourceTitle "TD"]
[Source "ChessBase"]
[SourceDate "1994.03.01"]
[SourceVersion "1"]
[SourceVersionDate "1994.03.01"]
[SourceQuality "1"]

1. d4 Nf6 2. c4 c5 3. d5 e6 4. Nc3 exd5 5. cxd5 d6 6. e4 g6 7. Nf3 Bg7 8. h3 0-0 9. Bd3 b5 10. Nxb5 Re8 11. 0-0 Nxe4 12. Re1 Nf6 13. Bf4 Rxe1+ 14. Qxe1 Ba6 15. Rd1 Bxb5 16. Bxb5 Qb6 17. Be8 Na6 18. Bxf7+ Kh8 19. b3 Rf8 20. Be6 Nc7 21. Bg3 Re8 22. Ng5 Nxe6 23. dxe6 d5 24. Nf7+ Kg8 25. Nd6 Ra8 26. e7 1-0

[Event "POL-chT 46th play-off"]
[Site "Bydgoszcz"]
[Date "1990.09.22"]
[Round "1"]
[White "Jagodzinska, Joanna"]
[Black "Brustman, Agnieszka"]
[Result "0-1"]
[WhiteElo "2200"]
[BlackElo "2300"]
[PlyCount "34"]
[EventDate "1990.09.22"]
[EventType "team-k.o."]
[EventRounds "3"]
[EventCountry "POL"]
[SourceTitle "EXT 2019"]
[Source "ChessBase"]
[SourceDate "2018.10.10"]
[SourceVersion "1"]
[SourceVersionDate "2018.10.10"]
[SourceQuality "1"]
[WhiteTeam "Myslowice Gornik 09"]
[BlackTeam "Warszawa Legion"]
[WhiteTeamCountry "POL"]
[BlackTeamCountry "POL"]

1. e4 c5 2. Nf3 d6 3. d4 cxd4 4. Nxd4 Nf6 5. Nc3 a6 6. Bg5 e6 7. Be2 Be7 8. Qd3 Nbd7 9. f4 Qc7 10. Bf3 Rb8 11. 0-0-0 b5 12. e5 dxe5 13. Nc6 Rb6 14. Nxe7 Kxe7 15. fxe5 Nxe5 16. Qe2 b4 17. Bf4 Nd3+ 0-1

[Event "POL-chT 46th prel"]
[Site "Bydgoszcz"]
[Date "1990.09.18"]
[Round "3"]
[White "Slabek, Agnieszka"]
[Black "Jagodzinska, Joanna"]
[Result "1/2-1/2"]
[WhiteElo "2135"]
[BlackElo "2200"]
[PlyCount "62"]
[EventDate "1990.09.16"]
[EventType "team-swiss"]
[EventRounds "6"]
[EventCountry "POL"]
[SourceTitle "EXT 2019"]
[Source "ChessBase"]
[SourceDate "2018.10.10"]
[SourceVersion "1"]
[SourceVersionDate "2018.10.10"]
[SourceQuality "1"]
[WhiteTeam "Katowice Start"]
[BlackTeam "Myslowice Gornik 09"]
[WhiteTeamCountry "POL"]
[BlackTeamCountry "POL"]

1. e4 c5 2. Nf3 d6 3. d4 cxd4 4. Nxd4 Nf6 5. Nc3 g6 6. Be3 Bg7 7. f3 Nc6 8. Qd2 0-0 9. Bc4 Bd7 10. Bb3 Qa5 11. h4 Rfc8 12. 0-0-0 Ne5 13. Kb1 Nc4 14. Bxc4 Rxc4 15. Nb3 Qc7 16. Bd4 Bc6 17. h5 b5 18. hxg6 hxg6 19. g4 e5 20. Be3 b4 21. Nd5 Bxd5 22. exd5 Rc8 23. Na1 Kf8 24. b3 Rc3 25. Bh6 Bxh6 26. Qxh6+ Ke7 27. f4 Rxc2 28. fxe5 Qc3 29. exf6+ Kd7 30. Nxc2 Qxc2+ 31. Ka1 Qc3+ 1/2-1/2

[Event "POL-chT 46th prel"]
[Site "Bydgoszcz"]
[Date "1990.09.17"]
[Round "2"]
[White "Jagodzinska, Joanna"]
[Black "Kaczorowska, Barbara"]
[Result "1-0"]
[WhiteElo "2200"]
[BlackElo "2210"]
[PlyCount "33"]
[EventDate "1990.09.16"]
[EventType "team-swiss"]
[EventRounds "6"]
[EventCountry "POL"]
[SourceTitle "EXT 2019"]
[Source "ChessBase"]
[SourceDate "2018.10.10"]
[SourceVersion "1"]
[SourceVersionDate "2018.10.10"]
[SourceQuality "1"]
[WhiteTeam "Myslowice Gornik 09"]
[BlackTeam "Warszawa AZS UW"]
[WhiteTeamCountry "POL"]
[BlackTeamCountry "POL"]

1. e4 e6 2. d4 d5 3. Nc3 Nf6 4. Bg5 dxe4 5. Nxe4 Nbd7 6. Nxf6+ Nxf6 7. Nf3 Be7 8. Bd3 b6 9. Qe2 Bb7 10. 0-0-0 0-0 11. h4 Qd5 12. Kb1 h6 13. Ne5 Rfd8 14. f3 Rab8 15. Bf4 Nh5 16. Bh2 b5 17. Be4 1-0

[Event "Katowice op"]
[Site "Katowice"]
[Date "1990.??.??"]
[Round "2"]
[White "Bojczuk, Zygmunt"]
[Black "Jagodzinska, Joanna"]
[Result "1-0"]
[WhiteElo "2385"]
[BlackElo "2145"]
[PlyCount "71"]
[EventDate "1990.01.27"]
[EventType "swiss"]
[EventRounds "11"]
[EventCountry "POL"]
[SourceTitle "EXT 1997"]
[Source "ChessBase"]
[SourceDate "1996.11.15"]
[SourceVersion "1"]
[SourceVersionDate "1996.11.15"]
[SourceQuality "1"]

1. Nf3 d5 2. g3 Nf6 3. Bg2 c6 4. d3 Bf5 5. Nbd2 h6 6. b3 e6 7. Bb2 Be7 8. e4 Bh7 9. 0-0 0-0 10. Qe2 c5 11. Ne5 Qc7 12. f4 a5 13. a4 Na6 14. Ng4 d4 15. Nxf6+ Bxf6 16. Nc4 Nb4 17. Rf2 Rae8 18. Raf1 Bd8 19. Bc1 Kh8 20. Qh5 f5 21. e5 Be7 22. h3 Bg8 23. Qf3 b6 24. g4 g6 25. Qg3 Qd8 26. gxf5 Bh4 27. Qxg6 Bxf2+ 28. Rxf2 exf5 29. Qxh6+ Bh7 30. Ba3 Nd5 31. Nd6 Ne3 32. Bc1 Re7 33. Bxe3 dxe3 34. Re2 Rg8 35. Qf6+ Reg7 36. Nf7# 1-0

[Event "POL-ch (Women)"]
[Site "Konin"]
[Date "1990.??.??"]
[Round "10"]
[White "Jagodzinska, Joanna"]
[Black "Klusek, Danuta"]
[Result "1-0"]
[WhiteElo "2145"]
[BlackElo "2150"]
[PlyCount "75"]
[EventDate "1990.??.??"]
[EventType "tourn"]
[EventRounds "15"]
[EventCountry "POL"]
[SourceTitle "EXT 1999"]
[Source "ChessBase"]
[SourceDate "1998.11.16"]
[SourceVersion "1"]
[SourceVersionDate "1998.11.16"]
[SourceQuality "1"]

1. e4 e5 2. Nf3 Nc6 3. Bb5 a6 4. Ba4 b5 5. Bb3 Na5 6. d4 exd4 7. Nxd4 Bb7 8. c3 Nxb3 9. axb3 d6 10. 0-0 g6 11. Re1 Bg7 12. Bf4 Ne7 13. Nd2 0-0 14. Bg5 Qd7 15. Qc2 Rfe8 16. b4 Nc6 17. Nxc6 Bxc6 18. f3 h6 19. Bf4 Bb7 20. Nb3 Rad8 21. Rad1 Qe7 22. Qf2 Kh7 23. Na5 Ba8 24. Qa7 Qf6 25. Bg3 c5 26. bxc5 dxc5 27. Qxc5 Bf8 28. Qa7 b4 29. Bf2 Rc8 30. Rd7 Kg8 31. Bd4 Qe6 32. Rd1 Be7 33. Rc7 Rcd8 34. Nc4 Rc8 35. Rxc8 Rxc8 36. Nb6 Rd8 37. Nxa8 Qb3 38. Rf1 1-0

[Event "POL-ch (Women)"]
[Site "Konin"]
[Date "1990.??.??"]
[Round "2"]
[White "Jagodzinska, Joanna"]
[Black "Leszner, Liliana"]
[Result "1-0"]
[WhiteElo "2145"]
[BlackElo "2175"]
[PlyCount "47"]
[EventDate "1990.??.??"]
[EventType "tourn"]
[EventRounds "15"]
[EventCountry "POL"]
[SourceTitle "EXT 1999"]
[Source "ChessBase"]
[SourceDate "1998.11.16"]
[SourceVersion "1"]
[SourceVersionDate "1998.11.16"]
[SourceQuality "1"]

1. e4 g6 2. d4 Bg7 3. Nc3 d6 4. Nf3 Nf6 5. Be2 0-0 6. 0-0 Nc6 7. d5 Ne5 8. Nxe5 dxe5 9. Be3 e6 10. Bc5 Re8 11. d6 c6 12. a4 Bf8 13. Qd2 Nd7 14. Be3 f5 15. exf5 exf5 16. Bc4+ Kg7 17. Bh6+ Kh8 18. Bg5 Qa5 19. Bf7 Rd8 20. b4 Qxb4 21. Bxd8 Bxd6 22. Rab1 Qc5 23. Rfd1 Bf8 24. Be6 1-0

[Event "POL-ch (Women)"]
[Site "Poznan"]
[Date "1989.??.??"]
[Round "10"]
[White "Erenska Barlo, Hanna"]
[Black "Jagodzinska, Joanna"]
[Result "1/2-1/2"]
[WhiteElo "2285"]
[BlackElo "2140"]
[PlyCount "166"]
[EventDate "1989.??.??"]
[EventType "tourn"]
[EventRounds "15"]
[EventCountry "POL"]
[SourceTitle "EXT 1997"]
[Source "ChessBase"]
[SourceDate "1996.11.15"]
[SourceVersion "1"]
[SourceVersionDate "1996.11.15"]
[SourceQuality "1"]

1. e4 c5 2. f4 d5 3. exd5 Qxd5 4. Nc3 Qd8 5. Nf3 Nf6 6. Ne5 e6 7. b3 Nfd7 8. Bb2 Nxe5 9. fxe5 Nc6 10. Bb5 Bd7 11. Qe2 Be7 12. 0-0-0 a6 13. Bd3 Qc7 14. Rde1 0-0-0 15. Be4 Nxe5 16. Bxb7+ Kxb7 17. Qxe5 Qxe5 18. Rxe5 Bc6 19. Re2 Bf6 20. Rf1 Rhf8 21. d3 Bd4 22. Ne4 Bxe4 23. Rxe4 Bxb2+ 24. Kxb2 Rde8 25. Rg4 g6 26. Rh4 h5 27. Rf6 e5 28. Rc4 Rc8 29. Ra4 Ra8 30. Ra5 Rfc8 31. Rxf7+ Kb6 32. b4 cxb4 33. Rxe5 Rc6 34. Rfe7 Rf8 35. R7e6 Rf6 36. Rxf6 Rxf6 37. Rg5 Rc6 38. Re5 a5 39. Re2 Kb5 40. a3 Ka4 41. axb4 axb4 42. Re5 Rf6 43. Re2 Rc6 44. h3 Rd6 45. Re8 Rc6 46. Ra8+ Kb5 47. Rg8 Ka4 48. Rg7 Kb5 49. Re7 Ka4 50. Rf7 Kb5 51. Kc1 Ka4 52. Rf8 Rc5 53. Rf4 Ka3 54. Rf6 b3 55. Ra6+ Kb4 56. Rb6+ Ka4 57. Rxb3 Rg5 58. Rc3 Rxg2 59. Rc4+ Kb5 60. h4 Rh2 61. Kd1 Rg2 62. Ke1 Rh2 63. Kd1 Rg2 64. Kc1 Rf2 65. Kb2 Rg2 66. Kc3 Rh2 67. Re4 Kc5 68. d4+ Kd6 69. Kd3 Rh3+ 70. Re3 Rxh4 71. Rg3 Rh1 72. Rxg6+ Ke7 73. Kc4 Kf7 74. Rg2 h4 75. Kd5 h3 76. Rf2+ Ke7 77. c4 Rg1 78. c5 Rg6 79. Rh2 Rh6 80. Kc4 Kd7 81. Kb5 Kc7 82. d5 Rh5 83. d6+ Kb7 1/2-1/2

[Event "POL-ch (Women)"]
[Site "Poznan"]
[Date "1989.??.??"]
[Round "1"]
[White "Jagodzinska, Joanna"]
[Black "Sosnowska, Elzbieta"]
[Result "1/2-1/2"]
[WhiteElo "2140"]
[BlackElo "2120"]
[PlyCount "66"]
[EventDate "1989.??.??"]
[EventType "tourn"]
[EventRounds "15"]
[EventCountry "POL"]
[SourceTitle "EXT 1997"]
[Source "ChessBase"]
[SourceDate "1996.11.15"]
[SourceVersion "1"]
[SourceVersionDate "1996.11.15"]
[SourceQuality "1"]

1. e4 e5 2. Nf3 Nf6 3. Nxe5 d6 4. Nf3 Nxe4 5. Nc3 Nxc3 6. dxc3 Be7 7. Be3 Nc6 8. Qd2 Be6 9. Ng5 Qd7 10. Nxe6 Qxe6 11. Be2 0-0 12. 0-0 Ne5 13. Rfe1 Bf6 14. Bd4 c5 15. Be3 Rad8 16. Rad1 Nc4 17. Bxc4 Qxc4 18. Qd5 Qb5 19. Qb3 Qc6 20. Qc4 b6 21. Rd5 Rfe8 22. Red1 Re6 23. Qd3 g6 24. h3 Qa4 25. a3 Kg7 26. Qd2 Be5 27. Bg5 Bf6 28. Bh6+ Kg8 29. Bf4 Be7 30. Bg3 Bf8 31. Qd3 f5 32. Qd2 Qe8 33. Qd3 Qa4 1/2-1/2

[Event "Naleczow op"]
[Site "Naleczow"]
[Date "1989.??.??"]
[Round "?"]
[White "Jezierski, Piotr"]
[Black "Jagodzinska, Joanna"]
[Result "1-0"]
[WhiteElo "2320"]
[BlackElo "2140"]
[PlyCount "65"]
[EventDate "1989.??.??"]
[EventType "swiss"]
[EventRounds "11"]
[EventCountry "POL"]
[SourceTitle "EXT 1997"]
[Source "ChessBase"]
[SourceDate "1996.11.15"]
[SourceVersion "1"]
[SourceVersionDate "1996.11.15"]
[SourceQuality "1"]

1. e4 c5 2. Nf3 d6 3. d4 cxd4 4. Nxd4 Nf6 5. Nc3 g6 6. g3 Nc6 7. Bg2 Nxd4 8. Qxd4 Bg7 9. 0-0 0-0 10. Qb4 a5 11. Qb3 Qc7 12. Nb5 Qb8 13. c4 Bd7 14. Re1 a4 15. Qb4 Bxb5 16. Qxb5 a3 17. bxa3 Nxe4 18. Bb2 f5 19. Bxg7 Kxg7 20. Bxe4 fxe4 21. Rxe4 e5 22. c5 Rxa3 23. cxd6 Qxd6 24. Qxb7+ Rf7 25. Qb5 Rfa7 26. Qb2 R3a5 27. a4 Rxa4 28. Raxa4 Rxa4 29. Rxe5 Kf7 30. Qb7+ Kf6 31. Re3 Ra1+ 32. Kg2 h5 33. Qb2+ 1-0

[Event "POL-ch (Women)"]
[Site "Poznan"]
[Date "1989.??.??"]
[Round "2"]
[White "Nowicki, Eva"]
[Black "Jagodzinska, Joanna"]
[Result "1-0"]
[WhiteElo "2160"]
[BlackElo "2140"]
[PlyCount "69"]
[EventDate "1989.??.??"]
[EventType "tourn"]
[EventRounds "15"]
[EventCountry "POL"]
[SourceTitle "EXT 1997"]
[Source "ChessBase"]
[SourceDate "1996.11.15"]
[SourceVersion "1"]
[SourceVersionDate "1996.11.15"]
[SourceQuality "1"]

1. e4 c5 2. Nf3 d6 3. d4 cxd4 4. Nxd4 Nf6 5. Nc3 g6 6. Be3 Bg7 7. f3 Nc6 8. Qd2 0-0 9. Bc4 Bd7 10. 0-0-0 Qa5 11. Bb3 Rfc8 12. Kb1 Ne5 13. h4 Nc4 14. Bxc4 Rxc4 15. Nb3 Qa6 16. e5 Ne8 17. h5 Rac8 18. hxg6 hxg6 19. g3 Bxe5 20. Qh2 e6 21. Bd4 Rxd4 22. Nxd4 Qb6 23. Qd2 Rc4 24. Nce2 a5 25. Ka1 Bg7 26. c3 e5 27. Nc2 Be6 28. Ne3 Rc5 29. f4 Bf6 30. g4 Bc4 31. g5 Bd8 32. Nxc4 Rxc4 33. Qd3 Rc5 34. Qh3 Kf8 35. Qd7 1-0

[Event "POL-ch (Women)"]
[Site "Poznan"]
[Date "1989.??.??"]
[Round "4"]
[White "Pilarska, Czeslawa"]
[Black "Jagodzinska, Joanna"]
[Result "1/2-1/2"]
[WhiteElo "2040"]
[BlackElo "2140"]
[PlyCount "85"]
[EventDate "1989.??.??"]
[EventType "tourn"]
[EventRounds "15"]
[EventCountry "POL"]
[SourceTitle "EXT 1997"]
[Source "ChessBase"]
[SourceDate "1996.11.15"]
[SourceVersion "1"]
[SourceVersionDate "1996.11.15"]
[SourceQuality "1"]

1. e4 c5 2. Nc3 Nc6 3. g3 g6 4. Bg2 Bg7 5. d3 d6 6. Be3 Nd4 7. Qd2 Qa5 8. Rb1 Rb8 9. a3 e6 10. Nge2 Nxe2 11. Nxe2 Qxd2+ 12. Bxd2 Ne7 13. Bf4 e5 14. Be3 Nc6 15. c3 0-0 16. 0-0 Be6 17. b4 b6 18. b5 Ne7 19. c4 h6 20. h4 f5 21. Bh3 Kh7 22. Kh2 Rf7 23. f3 Rbf8 24. Bd2 Bc8 25. Bg2 Bf6 26. a4 Be6 27. Kg1 g5 28. h5 fxe4 29. fxe4 g4 30. a5 Nc8 31. axb6 axb6 32. Nc3 Bd8 33. Nd5 Rxf1+ 34. Rxf1 Rxf1+ 35. Bxf1 Bf7 36. Be2 Bxh5 37. Kf2 Kg6 38. Bc3 Kf7 39. Kf1 Bg5 40. Kf2 Kg7 41. Kg2 Bc1 42. Kf1 Kg6 43. Ke1 1/2-1/2

[Event "POL-ch (Women)"]
[Site "Poznan"]
[Date "1989.??.??"]
[Round "15"]
[White "Sikora Gizynska, Bozena"]
[Black "Jagodzinska, Joanna"]
[Result "1/2-1/2"]
[WhiteElo "2215"]
[BlackElo "2140"]
[PlyCount "72"]
[EventDate "1989.??.??"]
[EventType "tourn"]
[EventRounds "15"]
[EventCountry "POL"]
[SourceTitle "EXT 1997"]
[Source "ChessBase"]
[SourceDate "1996.11.15"]
[SourceVersion "1"]
[SourceVersionDate "1996.11.15"]
[SourceQuality "1"]

1. e4 c5 2. Nf3 d6 3. Bb5+ Bd7 4. Bxd7+ Qxd7 5. 0-0 Nc6 6. d4 cxd4 7. Nxd4 Nf6 8. Nc3 g6 9. Nf3 Bg7 10. Qe2 0-0 11. Rd1 Qc8 12. Nd5 Re8 13. c3 Nxd5 14. exd5 Ne5 15. Nxe5 Bxe5 16. Be3 a6 17. a4 Qf5 18. a5 Bf4 19. Bxf4 Qxf4 20. Rd4 Qf5 21. Qd2 Rad8 22. Qh6 Qf6 23. Rh4 Qg7 24. Qe3 e5 25. dxe6 Rxe6 26. Re4 Rde8 27. Rxe6 Rxe6 28. Qf3 Qe5 29. g3 Re7 30. Kg2 Kg7 31. Ra4 Qb5 32. Rb4 Qxa5 33. Rxb7 Rxb7 34. Qxb7 Kf6 35. Qe4 h5 36. h3 Qc5 1/2-1/2

[Event "POL-ch (Women)"]
[Site "Wroclaw"]
[Date "1987.??.??"]
[Round "11"]
[White "Brustman, Agnieszka"]
[Black "Jagodzinska, Joanna"]
[Result "1-0"]
[WhiteElo "2335"]
[BlackElo "2200"]
[PlyCount "91"]
[EventDate "1987.??.??"]
[EventType "tourn"]
[EventRounds "15"]
[EventCountry "POL"]
[SourceTitle "EXT 1997"]
[Source "ChessBase"]
[SourceDate "1996.11.15"]
[SourceVersion "1"]
[SourceVersionDate "1996.11.15"]
[SourceQuality "1"]

1. e4 c5 2. Nf3 d6 3. d4 cxd4 4. Nxd4 Nf6 5. Nc3 g6 6. Be3 Bg7 7. f3 Nc6 8. Qd2 0-0 9. 0-0-0 Nxd4 10. Bxd4 Be6 11. Kb1 Qc7 12. h4 Rfc8 13. h5 Qa5 14. a3 Rab8 15. Bxf6 Bxf6 16. Nd5 Qxd2 17. Nxf6+ Kg7 18. Rxd2 Kxf6 19. h6 Bc4 20. f4 Bxf1 21. Rxf1 Rc4 22. Re2 Rf8 23. Rf3 Rc5 24. g4 g5 25. b4 Rc4 26. e5+ dxe5 27. fxg5+ Kxg5 28. Rxe5+ Kxg4 29. Rf1 e6 30. Rxe6 fxe6 31. Rxf8 Rf4 32. Rg8+ Kf3 33. Re8 Rf6 34. Re7 Rxh6 35. Rxb7 e5 36. Rxa7 e4 37. c4 e3 38. Rf7+ Kg2 39. Kc2 Rd6 40. Rxh7 e2 41. Re7 Kf2 42. c5 Rd7 43. Re6 Ra7 44. c6 Rxa3 45. c7 Re3 46. Rxe3 1-0